000 00776nas a2200253 4500
001 BR9505183
003 BR-BrBNA
005 20231205094210.0
007 ta
008 230509b bl.|||p| |||| 00| 00por d
040 _aBR-BrBNA
_bpor
_cBiblioteca Nacional de Agricultura
041 _a(Pt)
072 _aF70
100 1 _aCarvalho, D.A. de
245 1 _aFlora fenerogamica de campos rupestres da Serra da Bocaina, Minas Gerais: caracterizacao e lista de especies
650 _aFlora
650 _aFloracao
650 _aBotanica
650 _aSerra da Bocaina
650 _aMinas Gerais
773 0 _tCiencia e Pratica (Brazil)
_xISSN 0100-3267
_g(Jan-Mar 1992), v. 16(1) p. 97-122
_wBR9505183
909 _a202311
_bLúcia
_c55
_dLúcia Elande
942 _2AGRIS
_n0
_cANA
999 _c142718
_d142718